000
00274nam a2200109Ia 4500
008
190216s9999||||xx |||||||||||||| ||und||
100
_a
Verma Mm & Agarwal R K
245
0
_a
Financial Management
260
_b
Tata Mcgrawhill Publishers
_c
1999
300
_a
320
942
_c
BK
999
_c
8193
_d
8193